00713nam a2200241Ia 4500003000400000005001700004008004100021020001800062040001000080041000800090082002000098100002100118245004900139260005400188300001600242650002800258650002000286650001300306942000700319942000800326999001700334952012000351OSt20231018151748.0210323s9999||||xx |||||||||||||| ||und|| a9789380108179 cSTCPL aENG a610.285 bJUL-B aBerman, Jules J. 0aBiomedical informatics /cby Jules J. Berman aBoston :bJones And Bartlett Publishers ,c2010 . a459 p. bPB aBiomedical infornatics  aBiomedical data aMetadata cBK 2ddc c59232d59232 00102ddc408BIO70aSTCPLbSTCPLcLIFEd2021-07-10l0o610.285 JUL-Bp73707r2021-07-10 00:00:00w2021-07-10yBK